Nanocomposite Thermoplastic Olefins based on PP/EPDM/Nanodiamond with superior Thermal and Tribological properties (Record no. 63396)
[ view plain ]
| 000 -LEADER | |
|---|---|
| fixed length control field | 01462nam a2200193Ia 4500 |
| 100 ## - MAIN ENTRY--AUTHOR NAME | |
| Personal name | Katbab AA |
| 245 #0 - TITLE STATEMENT | |
| Title | Nanocomposite Thermoplastic Olefins based on PP/EPDM/Nanodiamond with superior Thermal and Tribological properties |
| 260 ## - PUBLICATION, DISTRIBUTION, ETC. (IMPRINT) | |
| Name of publisher | Rubber India |
| Year of publication | 2013 |
| 300 ## - PHYSICAL DESCRIPTION | |
| Number of Pages | 44-50 |
| 520 ## - SUMMARY, ETC. | |
| Summary, etc | Diamondoids are organic compounds (hydrocarbons) with ynique stuctures and properties due to the exceptional atomic arrengements. They melt as much higher temperatures than other hydrocarbon molecules with the same number of carbon atomss in their structure, contain dense, three diamensional network of covalent bondsand are materials with superior strenghth-to- weigh ratio. They possess low strain energy, hence are ultra stable and stiff materials. This family of cage-like compounds has been of great interest in recent years as good candidate for to be incorporated into polymer matrixes for the purpose of properties modification. On the other hand, termoplastic elastomer (TPO) blends based on polypropylene (PP) and EPDM rubber, have been used in a wide range of application such as automotive industry, where enhanced mechanical properties, thermal stebility, scratch and wear resistance are essential. |
| 650 ## - SUBJECT ADDED ENTRY--TOPICAL TERM | |
| Topical Term | antiplasticization |
| 650 ## - SUBJECT ADDED ENTRY--TOPICAL TERM | |
| Topical Term | hermal resistivity |
| 650 ## - SUBJECT ADDED ENTRY--TOPICAL TERM | |
| Topical Term | Nanodiomond |
| 650 ## - SUBJECT ADDED ENTRY--TOPICAL TERM | |
| Topical Term | Nanoindentation |
| 650 ## - SUBJECT ADDED ENTRY--TOPICAL TERM | |
| Topical Term | Thermoplastic olefin |
| 700 ## - ADDED ENTRY--PERSONAL NAME | |
| Personal name | Hejazi F |
| 942 ## - ADDED ENTRY ELEMENTS (KOHA) | |
| Koha item type | Journals |
| Withdrawn status | Lost status | Damaged status | Not for loan | Home library | Current library | Shelving location | Date acquired | Serial Enumeration / chronology | Koha item type |
|---|---|---|---|---|---|---|---|---|---|
| Journals | RRII Library | RRII Library | Rubber technology | 29/07/2013 | Volume LXV, Issue 4 | Journals |